000 00429nam a2200181Ia 4500
005 20250603145523.0
008 250603s9999 xx 000 0 und d
020 _a0534408451
050 _aQC 23 .S46/
100 _aSerway, Raymond A.
245 0 _aPhysics : for scientists and engineers
260 _aBelmont
260 _bThomson Brooks/ Cole
260 _c2004
300 _a702 p
650 _aBelmont
942 _cBK
999 _c42097
_d42097